Teoria de la computacion / (Registro nro. 23997)

Detalles MARC
000 -LEADER
fixed length control field 01227nam a2200277 4500
001 - CONTROL NUMBER
control field 0000020194
003 - CONTROL NUMBER IDENTIFIER
control field CO-CtgCURN
005 - DATE AND TIME OF LATEST TRANSACTION
control field 20250331185239.0
007 - PHYSICAL DESCRIPTION FIXED FIELD--GENERAL INFORMATION
fixed length control field ta
008 - FIXED-LENGTH DATA ELEMENTS--GENERAL INFORMATION
fixed length control field 160627s2009 000 0 eng d
020 ## - INTERNATIONAL STANDARD BOOK NUMBER
International Standard Book Number 9786075000503
040 ## - CATALOGING SOURCE
Original cataloging agency CO-CtgCURN
Language of cataloging spa
Transcribing agency coctgcurn
082 0# - DEWEY DECIMAL CLASSIFICATION NUMBER
Classification number 629.8312
Item number C235
100 1# - MAIN ENTRY--PERSONAL NAME
Personal name Carrion Viramontes, Jorge Eduardo.
245 10 - TITLE STATEMENT
Title Teoria de la computacion /
Statement of responsibility, etc. Jorge Eduardo Carrion Viramontes.
260 ## - PUBLICATION, DISTRIBUTION, ETC.
Place of publication, distribution, etc. Mexico :
Name of publisher, distributor, etc. Instituto Tecnologico y de Estudios Superiores de Monterrey,
Date of publication, distribution, etc. 2009.
300 ## - PHYSICAL DESCRIPTION
Extent 246 p.
336 ## - CONTENT TYPE
Source rdacontent
337 ## - MEDIA TYPE
Source rdamedia
Media type term sin mediacion
Media type code n
338 ## - CARRIER TYPE
Source rdacarrier
Carrier type term volumen
Carrier type code nc
505 8# - FORMATTED CONTENTS NOTE
Formatted contents note Conceptos basicos.--Lenguajes regulares.--Automatas finitos deterministas.--Automatas finitos no deterministas.--Automatas finitos y expresiones regulares.--Gramaticas regulares.--Gramaticas libres del contexto.--Lenguajes libres del contexto.--Automata de pila.--Maquinas de Turing.--Gramaticas no restringidas.--Resolubilidad.--Computabilidad.--Complejidad
650 14 - SUBJECT ADDED ENTRY--TOPICAL TERM
Topical term or geographic name entry element Sistema de control automatas.
908 ## - PUT COMMAND PARAMETER (RLIN)
Put command parameter 160627
942 ## - ADDED ENTRY ELEMENTS (KOHA)
Koha item type Libros
Classification part 629.8312
Item part C235
Source of classification or shelving scheme Dewey Decimal Classification
Existencias
Withdrawn status Lost status Source of classification or shelving scheme Damaged status Not for loan Collection Home library Current library Shelving location Date acquired Inventory number Total checkouts Full call number Barcode Date last seen Price effective from Koha item type Public note
    Dewey Decimal Classification     General Miguel Henríquez Castañeda Miguel Henríquez Castañeda General 03/31/2025 016144   629.8312 C235 016144 03/31/2025 03/31/2025 Libros 620-ING&OP